000 00514nam a2200169Ia 4500
999 _c984
_d984
003 OSt
005 20210903112422.0
008 190216s9999||||xx |||||||||||||| ||und||
040 _coclc
082 _a492.79
_bVAD/M
100 _aVadakkangara, Amanulla
_91953
245 0 _aMajmoath Min Kasasul Kaseera Wal Musrihiyath /
_cAmanulla Vadakkangara
260 _bTirurangadi Book Stall,
_c2004.
_aCalicut:
300 _a230p
650 _aArabic
942 _cBK
_2ddc
_h492.79
_iVAD/M
_k492.79
_mVAD/M